000 00626cam a2200181 i 4500
005 20251108170448.0
008 250721s1990 gr 000 0 ara d
082 1 4 _a135
_bك م ا
100 1 _aكمال، علي
_eمؤلف.
245 1 0 _aباب النوم و باب الأحلام /
_cتاليف الدكتور علي كمال.
250 _aالطبعة الثانية المنقحة.
264 3 1 _aدار واسط للدراسات و النشر و التوزيع،
_c1990.
300 _a764 صفحة.
650 1 7 _aالأحلام.
650 1 7 _aالتفسير.
942 _2ddc
_cBK
999 _c41061
_d41061